000 00389nam a22001577a 4500
999 _c1909
_d1909
008 200206b ||||| |||| 00| 0 eng d
082 0 0 _a623.8535
_bM9714
100 _9890
_aMunton, R.
245 1 0 _aMarine refrigeration
_cby R Munton
250 _a1st
260 _aLondon
_bModern refrigeration
_c1950
300 _a90p.
365 _d5.03
650 0 _aMarine Refrigeration
942 _cBK